The Approach to Philosophy (Record no. 20103)

MARC details
000 -LEADER
fixed length control field 00274nam a22001217a 4500
082 ## - DEWEY DECIMAL CLASSIFICATION NUMBER
Classification number 190 PER
100 ## - MAIN ENTRY--AUTHOR NAME
Author name Perry, Ralph Barton
245 ## - TITLE STATEMENT
Title The Approach to Philosophy
260 ## - PUBLICATION, DISTRIBUTION, ETC. (IMPRINT)
Place of publication New York
Name of publisher Charles Scribner's Sons
300 ## - PHYSICAL DESCRIPTION
Number of Pages 448
650 ## - SUBJECT ADDED ENTRY--TOPICAL TERM
Topical Term Philosophy
942 ## - ADDED ENTRY ELEMENTS (KOHA)
Koha item type Books
Holdings
Home library Current library Date acquired Full call number Accession Number Koha item type
Henry Martyn Institute Library Henry Martyn Institute Library 08/18/2016 190 PER 08832 Books
                   Copyright © 2026 | Henry Martyn Institute | Hyderabad | TS-500052 | INDIA | Implemented by hmi.edu.in
Hit-Count:

Powered by Koha